Don segundo sombra /
Guardado en:
| Autor Principal: | |
|---|---|
| Formato: | Libro |
| Publicado: |
Argentina :
Losada,
1961
|
| Edición: | 19a. ed. |
| Series: | Bibl. Contempor nea
|
| Materias: | |
| Etiquetas: |
Agregar Etiqueta
Sin Etiquetas, Sea el primero en etiquetar este registro!
|
| LEADER | 00716nam a22002415a 4500 | ||
|---|---|---|---|
| 001 | CEM.cems003104 | ||
| 005 | 19000101000000.0 | ||
| 008 | 130507s1961##################000#0#####d | ||
| 003 | CEMS | ||
| 082 | 0 | 4 | |a A863.4 |
| 100 | 1 | |a Güiraldes, Ricardo | |
| 245 | 1 | 0 | |a Don segundo sombra / |c Ricardo Güiraldes |
| 250 | |a 19a. ed. | ||
| 260 | |a Argentina : |b Losada, |c 1961 | ||
| 300 | |a 184 p. | ||
| 490 | 0 | |a Bibl. Contempor nea | |
| 653 | |a Literatura | ||
| 653 | |a Literatura argentina | ||
| 653 | |a Novela argentina-siglo 20 | ||
| 653 | |a Novela gauchesca | ||
| 653 | |a Novelas | ||
| 859 | |a CEMS |b BIB. CEMS - 11 de abril |h A863.4 |i G948a19 |p 15905.77 |t Ej.2 | ||
| 859 | |a CEMS |b BIB. CEMS - 11 de abril |h A863.4 |i G948a19 |p 4371.75 |t Ej.1 | ||
